| 000 | 00611cam a2200205u 4500 | ||
|---|---|---|---|
| 001 | 6583526 | ||
| 003 | ARRUPE | ||
| 005 | 20131220174121.0 | ||
| 008 | 820115s1964 enk 000 0 eng | ||
| 010 | _a 64056175 | ||
| 040 |
_aDLC _cCarP _dDLC |
||
| 050 | 0 | 0 |
_aPZ4.S428 _bCo2 _aPR6069.C596 |
| 100 | 1 |
_aScott, Paul, _d1920-1978. _96478 |
|
| 245 | 1 | 4 | _aThe corrida at San Feliu. |
| 260 |
_aLondon, _bSecker & Warburg _c[1964] |
||
| 300 |
_a316 p. _c21 cm. |
||
| 700 | 1 |
_aThornhill, Edward, _d1902-1962. [from old catalog] _96479 |
|
| 906 |
_a0 _bcbc _cpremunv _du _encip _f19 _gy-gencatlg |
||
| 942 |
_2lcc _cMONOGRAPH |
||
| 999 |
_c119490 _d119490 |
||